Normal view
MARC view
- Eymery, Gérard
Entry Nombre Personal
001 - NUMERO DE CONTROL
- campo de control: 47566
003 - IDENTIFICADOR DE NUMERO DE CONTROL
- campo de control: DLC
005 - FECHA Y HORA DE LA ÜLTIMA TRANSACCIÓN
- campo de control: 20221208131134.0
008 - DATOS DE LONGITUD FIJA
- campo de control de longitud fija: 041109n| acannaabn |n aaa
010 ## - NÚMERO DE CONTROL DE LA BIBLIOTECA DEL CONGRESO
- Número de control LC: n 2004142645
040 ## - FUENTE DE CATALOGACIÓN
- Agencia original de catalogación: DLC
- Lenguaje de catalogación: spa
- Agencia de transcripción: DLC
- Agencia que lo modifica: MX-MxUPN
100 1# - ENCABEZAMIENTO - NOMBRE PERSONAL
- Nombre personal: Eymery, Gérard
670 ## - FUENTE EN LA QUE SE LOCALIZARON DATOS
- Cita de la fuente: Le paradoxe des télécoms, constats et analyse, 2003:
- Información localizada: portada (Gérard Eymery)
670 ## - FUENTE EN LA QUE SE LOCALIZARON DATOS
- Cita de la fuente: Los nuevos medios de comunicación masiva, 1989:
- Información localizada: portada (Gérard Eymery)
902 ## - CATALOGADOR
- Catalogador: Víctor Ruiz/081222
